000
00259nam a22000977a 4500
008
240405b |||||||| |||| 00| 0 eng d
020
_a
9788129129109
100
_a
Singh Milka
_9
7761
245
_a
The Race of My Life
260
_a
New Delhi
_b
Rupa Publications
_c
2013
999
_c
12559
_d
12559